Modelo de responsabilidad social corporativa para el Instituto Nicaragüense de Estudios Territoriales para el periodo 2013 - 2016
Presenta un modelo de responsabilidad social corporativa para el Instituto Nicaragüense de Estudios Territoriales INETER, incluye diagnóstico interno, estudio de políticas éticas y empresariales dentro de la institución, análisis de calidad de vida de los empleados y propuesta de prototipo de...
| Main Author: | |
|---|---|
| Other Authors: | |
| Format: | Tesis Section = Libro |
| Language: | Undetermined Spanish |
| Published: |
Managua
UNI
2012
|
| Subjects: |
| LEADER | 01128nam a2200241Ia 4500 | ||
|---|---|---|---|
| 008 | 240830s9999 xx 000 0 und d | ||
| 040 | |a BIBLIOTECA-RUPAP Mon 658.315 A678 | ||
| 041 | |a spa | ||
| 082 | |a Mon 658.315 A678 | ||
| 100 | 1 | |a Arias Solís, Corina del Socorro | |
| 245 | 1 | 0 | |a Modelo de responsabilidad social corporativa para el Instituto Nicaragüense de Estudios Territoriales para el periodo 2013 - 2016 |
| 260 | |a Managua |b UNI |c 2012 | ||
| 300 | |a 93 p. :il. | ||
| 500 | |a Contiene: anexos e Incluye: CD. | ||
| 502 | |a Tesis (Ingeniero de Sistemas)- UNI, 2012. | ||
| 520 | 3 | |a Presenta un modelo de responsabilidad social corporativa para el Instituto Nicaragüense de Estudios Territoriales INETER, incluye diagnóstico interno, estudio de políticas éticas y empresariales dentro de la institución, análisis de calidad de vida de los empleados y propuesta de prototipo de página Web. | |
| 650 | 7 | |a RELACIONES EMPLEADOR - EMPLEADO | |
| 650 | 7 | |b BENEFICIOS DEL EMPLEADO | |
| 650 | 7 | |c BENEFICIO OCUPACIONAL | |
| 700 | 1 | |a Tutor: |b López, Inés Alejandro | |
| 942 | |c BK |2 ddc | ||
| 991 | |a TESIS | ||
| 999 | |c 17073 | ||